Arturo Pacheco Altamirano

Spremljeno u:
Bibliografski detalji
Glavni autori: Nazaré, Jacobo (autor), Sienna, Pedro (Autor)
Format: Knjiga
Jezik:španjolski
engleski
Izdano: Concepción Universidad de Concepción 1964
Teme:
Oznake: Dodaj oznaku
Bez oznaka, Budi prvi tko označuje ovaj zapis!

MARC

LEADER 00000nam a2200000 a 4500
001 UCP8687
003 CL-VaPUC
008 000310e19640000CL |||||||||||||||||spa|d
041 0 7 |a spa  |2 CL-VaPUC 
041 0 7 |a eng  |2 CL-VaPUC 
082 0 4 |a 759.983  |b NAZ  |2 21 
100 |a Nazaré, Jacobo  |e autor  |9 508472 
700 0 |a Sienna, Pedro  |e author  |9 374289 
245 1 0 |a Arturo Pacheco Altamirano 
300 |a p. irreg 
942 |c BK 
945 |d 20000310 00:00:00  |a crobeson 
260 |a Concepción  |b Universidad de Concepción  |c 1964 
500 |a Incluye catálogo con láminas 
600 0 7 |a PACHECO ALTAMIRANO, ARTURO  |2 CL-VaPUC  |9 438781 
650 0 |a Pintores chilenos  |9 345328 
650 0 |a Biografías  |9 255210 
583 |a last modification  |c 20000310 00:00:00  |k Rodrigo Vera 
999 |c 285578  |d 285576 
952 |0 0  |1 0  |4 0  |6 759_983000000000000_NAZ_1964  |7 0  |8 X  |9 330287  |a BIBHIS  |b BIBHIS  |d 2019-11-20  |i 1391143  |o 759.983 NAZ 1964  |p 1391143  |r 2024-01-30  |w 2019-11-20  |y BK_X  |k HIS